| 000 | 00710nam a2200205Ia 4500 | ||
|---|---|---|---|
| 003 | GCL | ||
| 008 | 140319s9999 xx 000 0 ara d | ||
| 040 |
_aGCL / _cGCL |
||
| 082 | 0 | 4 |
_a651.75 _bد ر |
| 100 | 1 | _aدار الراتب الجامعية | |
| 245 | 1 | 0 |
_aرسائل الشركات والتامين : _bINSURANCE CORRESPONDENCE= LETTRES D,ASSURANCE / _cدار الراتب الجامعية |
| 250 | _aالاولى | ||
| 260 |
_aبيروت : _bدار الراتب الجامعية ، _c0 |
||
| 300 |
_a190ص ؛ _c24 سم |
||
| 490 |
_aسلسلة عالم المراسلات _v0 |
||
| 650 | 0 | 4 | _aالشركات |
| 650 | 0 | 4 | _aالتأمين |
| 650 | 0 | 4 | _aكتابة الرسائل |
| 942 |
_2ddc _cBK |
||
| 999 |
_c38518 _d38518 |
||